Europe's 100 Best Cities - Statistics

General Stats
  • This quiz has been taken 1,325 times
    1,310 since last reset
  • The average score is 73 of 100
Answer Stats
Rank Country Answer % Correct
3 Germany Berlin
100%
1 United Kingdom London
100%
2 France Paris
100%
4 Italy Rome
100%
8 Netherlands Amsterdam
99%
7 Spain Barcelona
99%
5 Spain Madrid
99%
12 Austria Vienna
99%
14 Ireland Dublin
98%
9 Turkey Istanbul
98%
15 Portugal Lisbon
98%
6 Czechia Prague
98%
18 Belgium Brussels
97%
20 Hungary Budapest
97%
10 Italy Milan
97%
23 Norway Oslo
97%
16 Sweden Stockholm
97%
19 Poland Warsaw
97%
22 Finland Helsinki
96%
27 United Kingdom Manchester
96%
13 Germany Munich
96%
28 Denmark Copenhagen
94%
30 Switzerland Bern
93%
11 Switzerland Zürich
93%
50 Greece Athens
92%
29 United Kingdom Edinburgh
92%
47 United Kingdom Liverpool
92%
21 Germany Frankfurt
91%
36 United Kingdom Glasgow
91%
17 Germany Hamburg
91%
32 Luxembourg Luxembourg
91%
26 Italy Naples
91%
34 United Kingdom Birmingham
90%
52 France Marseille
89%
24 Switzerland Geneva
88%
51 France Lyon
87%
66 Latvia Riga
86%
65 Portugal Porto
85%
64 Netherlands Rotterdam
85%
54 Estonia Tallinn
85%
40 Slovakia Bratislava
84%
74 Romania Bucharest
84%
42 Poland Kraków
84%
57 Italy Venice
83%
46 Spain Valencia
82%
43 Germany Cologne
81%
48 United Kingdom Leeds
81%
95 Bulgaria Sofia
81%
38 Italy Florence
80%
41 France Nice
80%
56 Lithuania Vilnius
80%
88 Italy Turin
78%
76 Spain Seville
77%
73 Belgium Antwerp
76%
84 United Kingdom Belfast
76%
78 France Bordeaux
72%
70 Sweden Malmö
72%
93 United Kingdom Newcastle
72%
37 Germany Stuttgart
72%
59 Netherlands The Hague
72%
75 Turkey Ankara
71%
39 Germany Düsseldorf
71%
33 Switzerland Basel
70%
44 Sweden Gothenburg
70%
53 Spain Bilbao
68%
82 Poland Gdansk
66%
45 United Kingdom Bristol
64%
55 Germany Dresden
62%
69 Germany Leipzig
62%
68 France Toulouse
62%
71 United Kingdom Sheffield
59%
97 Spain Málaga
58%
63 Germany Nuremberg
56%
98 Germany Bremen
55%
72 United Kingdom Nottingham
55%
25 United Kingdom Oxford
54%
62 Netherlands Utrecht
54%
49 United Kingdom Southampton
53%
60 Germany Hanover
52%
92 France Strasbourg
52%
99 Italy Bologna
51%
90 Belgium Ghent
49%
87 Austria Graz
49%
86 France Nantes
49%
58 Germany Bonn
48%
31 Switzerland Lausanne
48%
85 Denmark Aarhus
46%
94 United Kingdom Leicester
46%
91 Spain Zaragoza
45%
79 Poland Wrocław
43%
96 France Montpellier
35%
80 Spain Palma
35%
81 Poland Poznań
35%
89 United Kingdom Portsmouth
34%
61 Germany Aachen
29%
83 Spain Murcia
25%
67 Germany Freiburg
24%
77 United Kingdom Bournemouth
18%
100 France Toulon
18%
35 Germany The Ruhr
15%
No matching quizzes found
Score Distribution
Percent of People with Each Score
Percentile by Number Answered
Your Score History
You have not taken this quiz since the last reset